Exempla : florilegio di sante /

সংরক্ষণ করুন:
গ্রন্থ-পঞ্জীর বিবরন
প্রধান লেখক: Cassignoli, Iacopo (লেখক)
অন্যান্য লেখক: Scarlini, Luca
বিন্যাস: গ্রন্থ
ভাষা:ইতালিয়
প্রকাশিত: [Salerno : Oedipus, 2002]
মালা:Argento lunare
ট্যাগগুলো: ট্যাগ যুক্ত করুন
কোনো ট্যাগ নেই, প্রথমজন হিসাবে ট্যাগ করুন!

MARC

LEADER 00000nam a22000007i 4500
001 IT\ICCU\UBO\3787537
003 ItRI
005 20260115231921.0
008 100401s2002 it |||||| ||||| |||||c
020 |a 8873410960 
040 |b ita  |c importazione bologna sebina 
041 7 |a ita  |2 ISO-639-2 
100 1 |a Cassignoli, Iacopo  |0 IT\ICCU\UBOV\403607  |4 aut 
245 1 0 |a Exempla :  |b florilegio di sante /  |c dipinto e curato da Iacopo Cassignoli ; prefazione di Luca Scarlini. 
260 |a [Salerno :  |b Oedipus,  |c 2002] 
300 |a 58 p. :  |b in gran parte ill. ;  |c 22 cm. 
700 1 |a Scarlini, Luca  |0 IT\ICCU\BVEV\029771 
830 0 |a Argento lunare  |0 IT\ICCU\UBO\3787549 
942 |2 ddc  |c BK  |n 0 
952 |0 0  |1 0  |4 0  |6 DOC_704_948000000000000_CAS  |7 0  |9 16489  |a BO  |b BO  |d 2026-01-15  |i 13285  |l 0  |o DOC 704.948 CAS  |p BO13285  |r 2026-01-15 23:19:22  |w 2026-01-15  |x [Sebina 5] [1 v. (2. copia)]  |y BK  |z 1 v. (2. copia) 
952 |0 0  |1 0  |4 0  |6 DOC_704_948000000000000_CAS  |7 0  |9 16490  |a BO  |b BO  |d 2026-01-15  |i 13284  |l 0  |o DOC 704.948 CAS  |p BO13284  |r 2026-01-15 23:19:22  |w 2026-01-15  |x [Sebina 7] [1 v.]  |y BK  |z 1 v. 
999 |c 14130  |d 14130